000 00357cam a22001217a 4500
008 180718b1961 xxu||||| |||| 00| 0 eng d
082 _aQ87x42 F999
100 _aFyvell, T.R.
245 _aInsecure offenders: rebellious youth in the welfare state
_cby T.R. Fyvell
260 _aLondon
_bChatto
_c1961
300 _a347p.
650 _aJuvenile Delinquency - UK
999 _c366010
_d366010